<?xml version="1.0" encoding="UTF-8"?>
<collection xmlns="http://www.loc.gov/MARC21/slim">
 <record>
  <leader>02201nam a2200217Ia 4500</leader>
  <controlfield tag="001">CTU_238919</controlfield>
  <controlfield tag="008">210402s9999    xx            000 0 und d</controlfield>
  <datafield tag="082" ind1=" " ind2=" ">
   <subfield code="a">516.00712</subfield>
  </datafield>
  <datafield tag="082" ind1=" " ind2=" ">
   <subfield code="b">Nh565</subfield>
  </datafield>
  <datafield tag="088" ind1=" " ind2=" ">
   <subfield code="a">8140111</subfield>
  </datafield>
  <datafield tag="100" ind1=" " ind2=" ">
   <subfield code="a">Huỳnh, Minh Nhựt</subfield>
  </datafield>
  <datafield tag="245" ind1=" " ind2="0">
   <subfield code="a">Phát triển năng lực mô hình hóa toán học cho học sinh lớp 9 trong dạy học chương hình trụ - hình nón - hình cầu :</subfield>
  </datafield>
  <datafield tag="245" ind1=" " ind2="0">
   <subfield code="b">Luận văn thạc sĩ khoa học giáo dục. Chuyên ngành Lý luận và Phương pháp dạy học bộ môn Toán</subfield>
  </datafield>
  <datafield tag="245" ind1=" " ind2="0">
   <subfield code="c">Huỳnh Minh Nhựt ; Dương Hữu Tòng (hướng dẫn khoa học)</subfield>
  </datafield>
  <datafield tag="260" ind1=" " ind2=" ">
   <subfield code="a">Cần Thơ</subfield>
  </datafield>
  <datafield tag="260" ind1=" " ind2=" ">
   <subfield code="b">Trường Đại học Cần Thơ</subfield>
  </datafield>
  <datafield tag="260" ind1=" " ind2=" ">
   <subfield code="c">2020</subfield>
  </datafield>
  <datafield tag="520" ind1=" " ind2=" ">
   <subfield code="a">Phân tích tầm quan trọng của việc phát triển năng lực MHH toán học từ đó thiết kế và tổ chức dạy học một số tình huống thực tiễn chương “Hình trụ - Hình nón - Hình cầu” trong SGK Toán 9 nhằm giúp phát triển năng lực MHH toán học của HS trong chủ đề này. Phân tích, tổng hợp cơ sở lý luận về MHH toán học và năng lực MHH toán học. Tìm hiểu thực trạng về việc dạy học chủ đề “Hình trụ - Hình nón - Hình cầu” theo định hướng phát triển năng lực MHH toán học hiện nay của các trường Trung học Cơ sở. Phân tích SGK Việt Nam cụ thể là chương “Hình trụ - Hình nón - Hình cầu” theo định hướng phát triển năng lực MHH toán học cho HS. Xây dựng và tiến hành tổ chức thực nghiệm một số tình huống dạy học chủ đề “hình trụ - hình nón - hình cầu” theo định hướng phát triển năng lực MHH toán học của HS.</subfield>
  </datafield>
  <datafield tag="650" ind1=" " ind2=" ">
   <subfield code="a">Geometry,Hình học</subfield>
  </datafield>
  <datafield tag="650" ind1=" " ind2=" ">
   <subfield code="x">Study and teaching (Secondary),Dạy và học (Trung học)</subfield>
  </datafield>
  <datafield tag="980" ind1=" " ind2=" ">
   <subfield code="a">Trung tâm Học liệu Trường Đại học Cần Thơ</subfield>
  </datafield>
 </record>
</collection>
